[Event "RUS-Cup"]
[Site "Krasnoyarsk"]
[Date "1998.??.??"]
[Round "1"]
[White "Shramov, IV."]
[Black "Burmakin, Vladimir"]
[Result "0-1"]
[WhiteElo "2390"]
[BlackElo "2550"]
[PlyCount "44"]
[EventDate "1998.??.??"]
[EventType "swiss"]
[EventRounds "9"]
[EventCountry "RUS"]
[SourceTitle "EXT 2000"]
[Source "ChessBase"]
[SourceDate "1999.11.16"]
[SourceVersion "1"]
[SourceVersionDate "1999.11.16"]
[SourceQuality "1"]

1. e4 c6 2. d4 d5 3. exd5 cxd5 4. c4 Nf6 5. Nc3 e6 6. a3 Be7 7. Nf3 0-0 8. Bd3 dxc4 9. Bxc4 a6 10. 0-0 b5 11. Ba2 Bb7 12. Re1 h6 13. Qd3 Nbd7 14. Bb1 Rc8 15. Bf4 Nb6 16. Ne5 Nbd5 17. Ng4 Re8 18. Nxh6+ Kf8 19. Bd2 Rxc3 20. bxc3 Bd6 21. a4 Qc7 22. axb5 axb5 0-1

[Event "RUS-Cup"]
[Site "Krasnoyarsk"]
[Date "1998.??.??"]
[Round "7"]
[White "Shramov, IV."]
[Black "Driamin, Dmitrij"]
[Result "1/2-1/2"]
[WhiteElo "2390"]
[BlackElo "2230"]
[PlyCount "25"]
[EventDate "1998.??.??"]
[EventType "swiss"]
[EventRounds "9"]
[EventCountry "RUS"]
[SourceTitle "EXT 2000"]
[Source "ChessBase"]
[SourceDate "1999.11.16"]
[SourceVersion "1"]
[SourceVersionDate "1999.11.16"]
[SourceQuality "1"]

1. e4 c5 2. c3 Nf6 3. e5 Nd5 4. d4 cxd4 5. Nf3 e6 6. cxd4 b6 7. Nc3 Nxc3 8. bxc3 Qc7 9. Qc2 Bb7 10. Bd3 d6 11. 0-0 Nd7 12. Bf4 Be7 13. exd6 1/2-1/2